ბათუმის შოთა რუსთაველის სახელმწიფო უნივერსიტეტის ბიბლიოთეკა

ერეკლე მეორე : (ბიბ.ჩანაწერი № 59194)

000 -ლიდერი
ფიქსირებული სიგრძის საკონტროლო ველი 00933nam a22002057a 4500
003 - საკონტროლო ნომრის იდენტიფიკატორი
საკონტროლო ველი Ge_BSU
005 - ბოლო ოპერაციის თარიღი და დრო
საკონტროლო ველი 20221213114913.0
008 - ფიქსირებული სიგრძის მონაცემთა ელემენტები - ზოგადი ინფორმაცია
ფიქსირებული სიგრძის საკონტროლო ველი 221213s1958ge xxu||||| |||| 00| 0 geo d
041 ## - ენის კოდი
Language code of text/sound track or separate title geo
080 ## - უნივერსალური ათობითი კლასიფიკაციის ინდექსი
Universal Decimal Classification number 94(479.22)"1744-1798" +929.731(479.22) ქ-56
100 ## - მთავარი ჩანაწერი - პიროვნების სახელი
Personal name ქიქოძე, გერონტი, ავტ.
9 (RLIN) 16376
245 ## - ცნობა სათაურის შესახებ
Title ერეკლე მეორე :
Remainder of title [საქართველოს მეფე 1720-1798 /
Statement of responsibility, etc გერონტი ქიქოძე, გ. ჯიბლაძის შესავ. წერილით
250 ## - გამოცემის ცნობა
Edition statement მე-3 გამოც.
264 ## - წარმოების, გამოცემის, დისტრიბუციის და სხვა ცნობები
გამოცემის, წარმოების, დისტრიბუციის... ადგილი თბილისი :
გამოცემის, წარმოების, დისტრიბუციის... სახელწოდება საბლიტგამი,
გამოცემის, წარმოების, დისტრიბუციის... თარიღი 1958.
300 ## - ფიზიკური აღწერა
Extent 211გვ. ;
Other physical details 21სმ.
653 ## - INDEX TERM--UNCONTROLLED
Uncontrolled term ერეკლე II.
653 ## - INDEX TERM--UNCONTROLLED
Uncontrolled term ერეკლე მეორე, 1744-1798.
700 ## - ADDED ENTRY--PERSONAL NAME
Personal name ჯიბლაძე, გ
Relator term შესავალი წერილით
9 (RLIN) 16377
942 ## - ADDED ENTRY ELEMENTS (KOHA)
Source of classification or shelving scheme
Koha item type წიგნი
ეგზემპლარები
ჩამოწერის სტატუსი დაკარგული ეგზემპლარის სტატუსი კლასიფიკაციის წყარო ან თაროზე გაწყობის სქემა დაზიანების სტატუსი არ გაიცემა მუდმივი მდებარეობა (დაცვის ადგილი) ამჟამინდელი ადგილსამყოფელი თაროზე განთავსების ადგილი შეძენის თარიღი ღირებულება, შესყიდვის ნორმალური ფასი სრული შენახვის შიფრი შტრიხკოდი ბოლო ოპერაციის თარიღი ეგზემპლარის მიმდევრობითი ნომერი (კეტერი?) ფასის ძალაში შესვლის თარიღი ეგზემპლარის სახეობა საჯარო შენიშვნა
          ბათუმის შოთა რუსთაველის სახელმწიფო უნივერსიტეტის მთავარი ბიბლიოთეკა ბათუმის შოთა რუსთაველის სახელმწიფო უნივერსიტეტის მთავარი ბიბლიოთეკა წიგნსაცავი 2022-12-13 7.00 94(479.22) ქ-56 63280 2022-12-13 63280 2022-12-13 წიგნი 7.00